Potenzrechnen: extrem schwer - Statistiken

Allgemein
  • Dieses Quiz wurde 276 mal gespielt
  • Das Durchschnittsergebnis liegt bei 6 aus 10
Antwortstatistiken
Zahl Ergebnis % Korrekt
1⁰ 1
100%
1
100%
3⁰ 1
100%
5⁰ 1
100%
7⁰ 1
100%
8⁰ 1
100%
9⁰ 1
100%
10² 100
100%
10⁴ 10000
100%
11² 121
100%
16
100%
2
100%
36
100%
4
100%
5
100%
64
100%
7
100%
8
100%
0
93%
8
93%
9
93%
0
92%
6
92%
1
91%
10³ 1000
91%
2⁶ 64
91%
64
91%
1
90%
2⁸ 256
90%
81
90%
10⁷ 10000000
89%
14² 196
89%
15² 225
89%
2⁵ 32
89%
6⁰ 1
88%
10⁰ 1
88%
12³ 1728
88%
49
88%
10⁶ 1000000
86%
0
83%
10¹ 10
83%
12² 144
83%
3⁵ 243
83%
2⁴ 16
82%
13² 169
82%
25
82%
9^½ 3
82%
27
80%
9
79%
3⁷ 2187
78%
3⁶ 729
75%
2⁷ 128
71%
125
70%
4⁴ 256
70%
5⁵ 3125
69%
2¹⁰ 1024
67%
2¹¹ 2048
67%
216
67%
3⁴ 81
67%
2¹³ 8192
67%
2⁵*5⁵ 100000
63%
2⁹ 512
63%
512
63%
9⁴ 6561
60%
729
60%
8⁴ 4096
58%
6⁶ 46656
58%
11³ 1331
57%
4⁵ 1024
56%
14³ 2744
56%
5⁹ 1953125
50%
343
50%
8^⅔ 4
50%
2¹² 4096
50%
3¹⁴ 4782969
50%
2⁹+3⁵ 755
50%
4⁷ 16384
44%
5⁴ 625
43%
8⁶ 262144
42%
6⁴ 1296
40%
4⁹ 262144
40%
2¹⁶ 65536
40%
7⁶ 117649
38%
2¹⁴ 16384
38%
3¹¹ 177147
38%
2¹⁷ 131072
33%
5⁶ 15625
33%
7⁵ 16807
33%
2¹⁵ 32768
33%
4⁶ 4096
33%
6⁵ 7776
33%
5⁷ 78125
33%
9⁵ 59049
31%
8⁵ 32768
29%
3¹⁰ 59049
29%
11⁴ 14641
27%
11⁶ 1771561
25%
7⁴ 2401
25%
3⁸ 6561
23%
13³ 2197
22%
2¹⁸ 262144
22%
5¹⁰ 9765625
22%
4¹⁰ 1048576
20%
3¹⁰⁰ mod 10 1
18%
12⁴ 20736
17%
8⁷ 2097152
17%
4⁸ 65536
17%
7⁷ 823543
17%
12⁵ 248832
14%
2²⁰ 1048576
13%
13⁴ 28561
13%
5⁸ 390625
13%
9⁶ 531441
11%
2²¹ 2097152
9%
2¹⁹ 524288
8%
3¹³ 1594323
0%
11⁵ 161051
0%
3⁹ 19683
0%
6⁷ 279936
0%
9⁷ 4782969
0%
3¹² 531441
0%
Keine übereinstimmenden Quizze gefunden
Verteilung der Resultate
Anzahl Personen mit jedem Resultat
Perzentil nach korrekt beantworteten Fragen
Ihre Resultats-Entwicklung
Sie haben dieses Quiz noch nicht gespielt